Las pequeñas y medianas empresas : tecnología y competitividad.
Guardado en:
| Autor Corporativo: | |
|---|---|
| Formato: | Libro |
| Idioma: | Spanish |
| Publicado: |
Paris ; Madrid :
OCDE : Mundi-Prensa,
1995.
|
| Edición: | Ed. en lengua española. |
| Materias: | |
| Etiquetas: |
Agregar Etiqueta
Sin Etiquetas, Sea el primero en etiquetar este registro!
|
| LEADER | 00751nam a2200205a 45000 | ||
|---|---|---|---|
| 001 | EAD.ead003997 | ||
| 008 | 080718s1995####fr############000#0#spa#d | ||
| 005 | 20160930111025.0 | ||
| 245 | 1 | 4 | |a Las pequeñas y medianas empresas : |b tecnología y competitividad. |
| 250 | |a Ed. en lengua española. | ||
| 260 | |a Paris ; |a Madrid : |b OCDE : |b Mundi-Prensa, |c 1995. | ||
| 300 | |a 132 p. ; |c 24 cm. | ||
| 020 | |a 8471145634 | ||
| 110 | 2 | |a Organización de Cooperación y de Desarrollo Económicos. | |
| 082 | 0 | 4 | |a 658.022 |
| 650 | 7 | |a Pequeñas empresas. |2 unbist | |
| 650 | 7 | |a Competitividad. |2 unbist | |
| 650 | 7 | |a Transferencia de tecnología. |2 unbist | |
| 650 | 7 | |a Redes de información. |2 unbist | |
| 859 | |a AR-BaBDC |b BIB. ADMINISTRACION - Libros |h 658.022 |i Or14 |p b04164 |t Ej.2 | ||
